| 000 | | | 03747nmc2a22002413x 450 |
| 001 | | | 83f8ba9b-2b02-4026-bd21-bab3e28d01c1 |
| 005 | | | 20200910001951.0 |
| 100 | ## | $a | 20200218l18861886k l0rusy0189 ca |
| 101 | 0# | $a | rus |
| 102 | ## | $a | RU |
| 105 | ## | $a | y### |
| 122 | 2# | $a | d |
| 200 | 1# | $a | Дело об отзыве на представленную господином Берендсом пьесу "Jiafar der Barmecide" для посвящения августейшему имени государя императора |
| | $j | 14 июня - 11 декабря 1886 г. |
| 215 | ## | $a | 7 л. |
| | $d | 36,5х26 см |
| 251 | ## | $c | Дело |
| 300 | ## | $a | На бланке обложки указано: "Дело Конторы императорских санкт-петербургских театров" |
| 371 | ## | $a | Документ не является опубликованным и широко распространяемым |
| 461 | #0 | $1 | 0019264ebf8-de62-4f1a-9eb4-9f22098dbbd5 |
| | $1 | 2001 |
| | $a | Дирекция императорских театров МИДв |
| | $1 | 251 |
| | $c | Фонд |
| | $1 | 852 |
| | $j | 497 |
| 462 | #0 | $1 | 0016d2858c7-947f-46a8-934e-c3d97596ebca |
| | $1 | 2001 |
| | $a | Дирекция императорских театров (1879-1918 гг.) |
| | $1 | 251 |
| | $c | Опись |
| | $1 | 852 |
| | $j | 6 |
| 801 | #0 | $a | RU |
| | $b | РГИА |
| | $c | 20200218 |
| | $g | RCR |
| 801 | #1 | $a | RU |
| | $b | ГлавНИВЦ |
| | $c | 20200218 |
| | $2 | rusmarc |
| 801 | #2 | $a | RU |
| | $b | ПБ им. Б.Н. Ельцина |
| | $c | 20200910 |
| | $g | RCR |
| | $2 | rusmarc |
| 850 | ## | $a | РГИА |
| 852 | ## | $a | РГИА |
| | $e | Федеральное казенное учреждение "Российский государственный исторический архив" (РГИА) |
| | $j | 3811 |
| 937 | ## | $h | РГИА |
| | $d | 12339431 |
| | $a | ASBIBLIO_SCAN |
| 035 | ## | $a | RusGRCC00000851 |
| 856 | ## | $u | http://readingroom.main.prlib.ru/item.aspx?id_node=n147213386&mode=full |